Noddy helps out!
Uloženo v:
| Hlavní autor: | |
|---|---|
| Médium: | Kniha |
| Jazyk: | angličtina |
| Vydáno: |
Bristol
Purnell and Sons
1984
|
| Témata: | |
| Tagy: |
Přidat tag
Žádné tagy, Buďte první, kdo vytvoří štítek k tomuto záznamu!
|
MARC
| LEADER | 00000cam a2200000 a 4500 | ||
|---|---|---|---|
| 001 | UCF5127 | ||
| 003 | CL-VaPUC | ||
| 008 | 130117e19840000UK |||||||||||||||||eng|d | ||
| 020 | |a 0361065876 | ||
| 082 | 0 | 4 | |a 823 |b BLY |2 21 |
| 100 | 0 | |a Blyton, Enid |e author |9 566858 | |
| 245 | 1 | 0 | |a Noddy helps out! |
| 300 | |a pág. irreg | ||
| 942 | |c BK | ||
| 945 | |d 20130117 00:00:00 |a dcastane | ||
| 260 | |a Bristol |b Purnell and Sons |c 1984 | ||
| 650 | 0 | |a Cuento infantil inglés |9 310546 | |
| 650 | 0 | |a Literatura infantil |9 307465 | |
| 583 | |a last modification |c 20130117 11:37:00 |k Rodrigo Vera | ||
| 999 | |c 350736 |d 350734 | ||
| 952 | |0 0 |1 0 |4 0 |6 823_000000000000000_BLY_1984 |7 0 |8 A |9 454312 |a BIBEDU |b BIBEDU |d 2019-11-22 |i 4935616 |o 823 BLY 1984 |p 4935616 |r 2019-11-22 |w 2019-11-22 |y BK |k LIT | ||